La cuestión carcelaria. historia, epistemología, derecho y política penitenciaria / II :

Guardado en:
Autor Principal: Rivera Beiras, Iñaki.
Formato: Libro
Idioma:Undetermined
Publicado: Ciudad Autónoma de Buenos Aires : Del Puerto, 2009.
Edición:2a. ed. act.
Materias:
Etiquetas: Agregar Etiqueta
Sin Etiquetas, Sea el primero en etiquetar este registro!
LEADER 00618nam a22001695a 4500
001 DER.der015222
008 250619s2009####xx############000#0#und#d
005 20250619114727.0
245 1 0 |a La cuestión carcelaria.  |n II :  |b historia, epistemología, derecho y política penitenciaria /  |c Iñaki Rivera Beiras. 
250 |a 2a. ed. act. 
260 |a Ciudad Autónoma de Buenos Aires :  |b Del Puerto,  |c 2009. 
300 |a 586 p. 
020 |a 9789871397228 
100 1 |a Rivera Beiras, Iñaki. 
650 7 |a DERECHO PENAL 
859 |a DERECHO  |b BIB. DERECHO  |h 345  |i RIV  |p 006293  |3 Vol I 
859 |a DERECHO  |b BIB. DERECHO  |h 345  |i RIV  |p 009060  |t 1  |3 Vol I